000 00382nam a22001457a 4500
999 _c2271
_d2271
008 200219b ||||| |||| 00| 0 eng d
082 0 0 _a623.87236
_bP8767
100 _9803
_aPounder, C. C.
245 1 0 _aMarine diesel engines
_cby C C Pounder
260 _aLondon
_bGeorge Newnes Ltd.
_c1952
300 _aix,434p.
365 _d26.04
650 0 _aMarine Diesel Engines
942 _cBK